00588 2200205 4500001002100000005001500021035002000036245011400056100001900170250000600189300003400195700002700229260003100256082001200287084001800299020002200317650000900339990001700348990001700365INLIS00000000000136220190925021050 a0010-09190000661 aSeri Pengayaan PAI untuk SD / MI :bMengenal Haji dan Umrah /cH.Asy'ari,M.Pd; Editor, Andriansyah Syihabddin0 aH.Asy'ari,M.Pd a- ax, 86 hlm. :bilus. ;c21 cm.0 aAndriansyah Syihabddin aJakarta :bErlangga,c2018 a297.352 a297.352 ASY s a978-602-298-535-8 aHaji a04708/P/2018 a04709/P/2018